ბათუმის შოთა რუსთაველის სახელმწიფო უნივერსიტეტის ბიბლიოთეკა

სუბტროპიკულ მცენარეთა აგროტექნოლოგია. (ბიბ.ჩანაწერი № 35283)

000 -LEADER
fixed length control field 00744nam a2200217Ia 4500
001 - CONTROL NUMBER
control field 1133
003 - CONTROL NUMBER IDENTIFIER
control field GE_BSU
008 - FIXED-LENGTH DATA ELEMENTS--GENERAL INFORMATION
fixed length control field 181216s||||||||xx |||||||||||||| ||und||
020 ## - INTERNATIONAL STANDARD BOOK NUMBER
International Standard Book Number 9789941412707
040 ## - CATALOGING SOURCE
Transcribing agency GE_BSU
080 ## - UNIVERSAL DECIMAL CLASSIFICATION NUMBER
Universal Decimal Classification number 634.6(479.223):631.5(479.223)
100 ## - MAIN ENTRY--PERSONAL NAME
Personal name ჯაბნიძე ,რეზო.
245 ## - TITLE STATEMENT
Title სუბტროპიკულ მცენარეთა აგროტექნოლოგია.
260 ## - PUBLICATION, DISTRIBUTION, ETC.
Place of publication, distribution, etc. ბათუმი
260 ## - PUBLICATION, DISTRIBUTION, ETC.
Name of publisher, distributor, etc. შოთა რუსთაველის სახელმწიფო უნივერსიტეტი
260 ## - PUBLICATION, DISTRIBUTION, ETC.
Date of publication, distribution, etc. 2011
300 ## - PHYSICAL DESCRIPTION
Extent 19 სმ , 426 გვ.
653 ## - INDEX TERM--UNCONTROLLED
Uncontrolled term აგროტექნოლოგია
942 ## - ADDED ENTRY ELEMENTS (KOHA)
Koha item type წიგნი
ეგზემპლარები
Withdrawn status Lost status Damaged status Not for loan Date acquired Barcode Date last seen Price effective from Koha item type Public note
        2018-12-17 3136 2018-12-17 2018-12-17 წიგნი საცავი
        2018-12-17 3132 2018-12-17 2018-12-17 წიგნი საცავი
        2018-12-17 2977 2018-12-17 2018-12-17 წიგნი საცავი
        2018-12-17 2978 2018-12-17 2018-12-17 წიგნი საცავი
        2018-12-17 2979 2018-12-17 2018-12-17 წიგნი საცავი
        2018-12-17 2980 2018-12-17 2018-12-17 წიგნი საცავი
        2018-12-17 2789 2018-12-17 2018-12-17 წიგნი საცავი
        2018-12-17 3133 2018-12-17 2018-12-17 წიგნი საცავი
        2018-12-17 3134 2018-12-17 2018-12-17 წიგნი საცავი
        2018-12-17 3135 2018-12-17 2018-12-17 წიგნი საცავი